000 00604nam a2200193Ia 4500
005 20250508155735.0
008 008 250505s9999 xx 000 0 eng d
037 _aDissertations
040 _aFEDL
_beng
_cFEDL
041 _aeng
_2eng
084 _a371.22, VED/DI
_qFEDL
100 _aRattan Ved
_9767378
245 0 _aInvestigation into some factors affecting the achievement of N.S.T.S. scholars in university courses.
260 _c1972
300 _avi,122p.
546 _aM. Ed. Dissertation (Delhi University)
942 _cDIS
_h371.22, VED/DI
999 _c1359051
_d1359051